Profile: Xander Harris Quiz Stats

 Plays Quiz not verified by Sporcle

Challenge
Share
Tweet
Embed
Score 0/20 Timer 09:00
0 Plays Today
Hint Answer % Correct
Forth girlfriend:Anya
96.4%
Third girlfriend:Cordelia Chase
92%
She was:Vengence demon
74.1%
Lost his virginity to:Faith Lehane
73.2%
Year of Birth:1981
71.4%
Who was killed by:Darla
68.8%
First girlfriend:Willow Rosenberg
67%
Best guy friend:Jesse
63.4%
Reason for break-up:Cheated on her with Willow
53.6%
Part he was in the destruction of Adam:Heart
50.9%
Hint Answer % Correct
She was:Inca Mummy
46.4%
Reason for break-up:Didn't want to hurt her
45.5%
Fear:clowns
44.6%
Cause of her death:Stabbed by a bringer
42.9%
Full Name:Alexander Lavelle Harris
38.4%
Uncle:Rory
29.5%
Second girlfriend:Ampata
28.6%
Father:Anthony Harris
15.2%
Mother:Jessica Harris
12.5%
Job Description:Seer
8.9%

You're not logged in!

Compare scores with friends on all Sporcle quizzes.
Join for Free
OR
Log In

You Might Also Like...

Show Comments

Extras

Created Apr 25, 2011ReportNominate
Tags:harris, profile

Top Quizzes Today


Score Distribution

Your Account Isn't Verified!

In order to create a playlist on Sporcle, you need to verify the email address you used during registration. Go to your Sporcle Settings to finish the process.

Report this User

Report this user for behavior that violates our Community Guidelines.

Details: